Una mezcla necesaria: comercio-ambiente/
En el texto se señalan los beneficios para las empresas que incluyen consideraciones de sostenibilidad de los recursos naturales mediante la innovación en los procesos productivos, para alcanzar una mayor competitividad a nivel de comercio internacional. Se desarrollan una serie de beneficios económ...
Guardat en:
| Autor principal: | |
|---|---|
| Format: | Llibre |
| Matèries: | |
| Etiquetes: |
Afegir etiqueta
Sense etiquetes, Sigues el primer a etiquetar aquest registre!
|
MARC
| LEADER | 00000nam a22000007a 4500 | ||
|---|---|---|---|
| 003 | cru CIDCACS/IIS | ||
| 005 | 20210311062550.0 | ||
| 007 | ta | ||
| 008 | 161013 cr||||| |||| 00| 0 spa d | ||
| 999 | |c 18609 |d 18609 | ||
| 040 | |c cru CIDCACS/IIS | ||
| 100 | 1 | |9 177 |a Segura Bonilla, Olman | |
| 245 | 1 | |a Una mezcla necesaria: |b comercio-ambiente/ |c Olman Segura Bonilla | |
| 300 | |a páginas 81-86 : |b tabla | ||
| 520 | |a En el texto se señalan los beneficios para las empresas que incluyen consideraciones de sostenibilidad de los recursos naturales mediante la innovación en los procesos productivos, para alcanzar una mayor competitividad a nivel de comercio internacional. Se desarrollan una serie de beneficios económicos y ecológicos de una relación más estrecha entre comercio y ambiente, con el fin de ilustrar las oportunidades comerciales y de aumento de competitividad, usando el análisis de caso de la industria forestal y la producción de madera certificada. Finalmente, se evidencian las oportunidades que produce el desarrollo sostenible, como mecanismo para el aprovechamiento de los nuevos mercados, mayor producción futura, avances tecnológicos y todo ello, fortalece la competitividad empresarial. | ||
| 650 | 0 | |9 4483 |a GESTION AMBIENTAL | |
| 650 | 4 | |9 2628 |a LEGISLACION AMBIENTAL | |
| 650 | 0 | |a POLITICA AMBIENTAL |9 3687 | |
| 650 | 0 | |9 5368 |a PROTECCION AMBIENTAL | |
| 650 | 4 | |9 2012 |a EFECTOS EN EL MEDIO AMBIENTE | |
| 650 | 0 | |9 2022 |a DETERIORO AMBIENTAL | |
| 650 | 0 | |9 6275 |a DESARROLLO FORESTAL | |
| 650 | 0 | |9 4459 |a DESARROLLO SUSTENTABLE | |
| 650 | 0 | |9 2915 |a CONSERVACIÓN DE RECURSOS | |
| 650 | 0 | |9 7996 |a LIMITES AL CRECIMIENTO | |
| 650 | 0 | |9 7997 |a CALIDAD DE CRECIMIENTO | |
| 650 | 0 | |9 2234 |a CONSERVACION DE LA NATURALEZA | |
| 650 | 0 | |9 639 |a CRECIMIENTO ECONOMICO | |
| 650 | 0 | |9 5353 |a PROTECCIÓN FORESTAL | |
| 650 | 0 | |9 2703 |a RECURSOS FORESTALES | |
| 650 | 0 | |9 639 |a CRECIMIENTO ECONOMICO | |
| 773 | 0 | |0 18603 |9 50 |a Coloquio Académico de las Américas |d San José, Costa Rica Instituto Interamericano de Cooperación para la Agricultura ; Instituto de Ciencias Económicas de la Universidad de Costa Rica 2000 |o 16245 |t Comercio e integración en las Américas / |z 9290394412 | |
| 942 | |2 ddc |c LI | ||



